000 01568cam a22002655a 4500
001 L156508
002 19173
008 300512s2012 xxk f 001 0 eng d
020 _a9781842197738
035 _a(Sirsi) u156508
041 0 _aeng
050 0 4 _a333.332 $2 18
100 1 _aBanfield, Anthony
245 0 2 _aA valuer's guide to the RICS Red Book 2012
250 _a6th ed.
260 _aCoventry
_bRICS
_c2012
300 _axii, 186p.
_c21cm
505 2 _aIntroduction -- Qualifications and conflicts of interest -- Agreement of terms of enagagement with the client -- Valuation bases -- Inspections and material considerations -- Valuation reports -- Valuations for commercial secured lending -- Valuations subject to disclosure -- Registration and monitoring of valuations -- Specialist valuations -- Appendix: Red Book route map -- Index of frequently asked questions -- Index
520 _aThis newest edition has the latest changes to the RICS Valuation - Professional Standards. An useful Red Book route map summarising key stages for every valuation, from Preliminary Questions through to Valuation Preparation, and Reporting Also, includes sample questions and answers and common problems and how to avoid them. Ideal for all valuation professionals at all levels, this practical guide will help you to understand your duties under the Red Book and to avoid negligence claims.
520 _aSupersedes the fifth edition (ISBN: 9781842195895).
521 _aAdvanced
651 4 _aInternational
690 _aValuation
_96273
942 _n0
999 _c114283
_d114283